000 00881nam a22002897a 4500
003 CHAP
005 20220817041448.0
008 971013s1972 r 00010 d
010 _a15183
011 _a16155
035 _a20233
040 _cCHAP
082 _a080
_bS46 v.206
100 0 0 _aHesiodo.
_955032
245 _aTeogonía; los trabajos y los días; el escudo de Heracles
260 _aMéxico, D.F. :
_bPorrúa,
_c1972
300 _a89 p.
490 _aSepan Cuántos
_v; 206
590 _aBATCH-UPD
_b10
_c20130110
_lUCH01
_h1744
590 _aCONVERSION
_b10
_c20130109
_lUCH01
_h1310
650 1 4 _aLiteratura griega.
_967129
830 0 _aSepan cuantos
_v; 206
901 _aBK
942 _cLIBRO
949 _a080 S46 v.206
_bBC
_cLIBRO
_d33724000317202
_eLIBRO
_h30439
_i20233
_si
949 _a080 S46 v.206
_bBC
_cLIBRO
_d33724000317210
_eLIBRO
_fc.2
_h47399
_i20233
_si
999 _c15183
_d15183